Reflexiones sobre la democracia guatemalteca: la crisis y la violencia política (primera parte) /
Tallennettuna:
| Päätekijä: | |
|---|---|
| Aineistotyyppi: | Teksti |
| Tagit: |
Lisää tagi
Ei tageja, Lisää ensimmäinen tagi!
|
MARC
| LEADER | 00000 a a2200000 04500 | ||
|---|---|---|---|
| 001 | 42679 | ||
| 003 | |||
| 040 | |||
| 100 | |a Torres Rivas, Edelberto | ||
| 245 | |a Reflexiones sobre la democracia guatemalteca: |b la crisis y la violencia política (primera parte) / |c Edelberto Torres Rivas | ||
| 773 | |g volumen 4, número 25; páginas 283-286 | ||
| 999 | |c 27341 |d 27341 | ||
| 773 | 0 | |0 42391 |9 3831 |a Agencia Latinoamericana de Información, ALAI |d Quito, Ecuador: ALAI |o 04461 |t ALAI: |x 08275564 (Servicio mensual de información y documentación) | |
